00627nam a2200169Ia 4500008004100000100002800041245011900069245006800188260004900256260000900305300003100314440004400345650001300389650001700402650001600419650002200435190422s9999 xx 000 0 und d aLaborr, Paul Danielle P 4aThe role of social perception, beliefs and emotions on support for punitive action toward drug dealers and users / cPaul Danielle P. Laborr and Maria Cecilia C. Gastardo-Conaco.-- bPsychological Association of the Philippines c2017 apages 67-96, December 2017 aPhilippine Journal of Psychologyv50(2) aEmotions aPunitiveness aRedeemabily aSocial Peceptions